Missing Word: 1970 Rock Albums Quiz Stats

 Plays Quiz Updated Apr 10, 2018

Challenge
Share
Tweet
Embed
Score 0/20 Timer 03:00
0 Plays Today
Hint Answer % Correct
Let It Be (The Beatles)Winding
91.1%
After the Gold Rush (Neil Young)Heart
87.2%
After the Gold Rush (Neil Young)Down
84.3%
Cosmo's Factory (Creedence Clearwater Revival)Stop
81.9%
Cosmo's Factory (Creedence Clearwater Revival)Door
81.5%
Let It Be (The Beatles)Get
80.6%
After the Gold Rush (Neil Young)Tell
73.5%
Deep Purple in Rock (Deep Purple)Man
69%
Let It Be (The Beatles)Across
68.5%
Cosmo's Factory (Creedence Clearwater Revival)Bend
64.4%
Hint Answer % Correct
Cosmo's Factory (Creedence Clearwater Revival)Through
60.7%
Let It Be (The Beatles)Two
49.4%
Cosmo's Factory (Creedence Clearwater Revival)Band
44%
Let It Be (The Beatles)Feeling
43.5%
After the Gold Rush (Neil Young)Morning
35.5%
Deep Purple in Rock (Deep Purple)Child
20%
Deep Purple in Rock (Deep Purple)King
19.9%
After the Gold Rush (Neil Young)Really
16.1%
Deep Purple in Rock (Deep Purple)Rat
14%
Deep Purple in Rock (Deep Purple)Living
12.6%

Today's Daily Dose

Word Ladder
Anchorman

Get the Picture
'Head' Bands

You're not logged in!

Compare scores with friends on all Sporcle quizzes.
OR
Log In

You Might Also Like...

Show Comments

Extras

Top Quizzes Today


Score Distribution

Your Account Isn't Verified!

In order to create a playlist on Sporcle, you need to verify the email address you used during registration. Go to your Sporcle Settings to finish the process.

Report this User

Report this user for behavior that violates our Community Guidelines.

Details: